[Event "XVI Autunno Scacchistico A"]
[Site "Venezia ITA"]
[Date "2010.11.01"]
[Round "4"]
[White "Capaliku, Aleks"]
[Black "Aleksic, Nenad"]
[Result "1/2-1/2"]
[WhiteElo "2088"]
[BlackElo "2359"]
[PlyCount "60"]
[EventDate "2010.10.30"]

1. f4 Nf6 2. Nf3 b6 3. e3 Bb7 4. b3 e6 5. d4 Be7 6. Bd3 c5 7. c3 O-O 8. O-O Nc6
9. Qe2 Qc7 10. Nbd2 cxd4 11. exd4 Nd5 12. Nc4 f5 13. Bd2 Rae8 14. Rac1 Nf6 15.
Nce5 Nxe5 16. fxe5 Ne4 17. Bxe4 Bxe4 18. Ng5 Bxg5 19. Bxg5 h6 20. Bd2 Qd8 21.
Qh5 Kh7 22. h4 Qe7 23. b4 Rg8 24. g3 g5 25. a3 Ra8 26. Rcd1 Rac8 27. Rf2 a5 28.
g4 axb4 29. axb4 Qe8 30. Qxe8 Rcxe8 1/2-1/2

[Event "XVI Autunno Scacchistico A"]
[Site "Venezia ITA"]
[Date "2010.11.01"]
[Round "4"]
[White "Castellano, Alfonso"]
[Black "Fracasso Pezzolato, Michele"]
[Result "1-0"]
[WhiteElo "1920"]
[BlackElo "1823"]
[PlyCount "63"]
[EventDate "2010.10.30"]

1. c4 e5 2. g3 Nf6 3. Bg2 d5 4. cxd5 Nxd5 5. Nc3 Be6 6. Nf3 Nc6 7. O-O Be7 8.
d3 O-O 9. Ne1 f5 10. Nc2 Qd7 11. f4 Rad8 12. Kh1 Kh8 13. Ne3 Nxe3 14. Bxe3 exf4
15. gxf4 g5 16. Qe1 g4 17. Bf2 Nb4 18. Rc1 Nxa2 19. Nxa2 Bxa2 20. Qa5 Bd5 21.
Rxc7 Bxg2+ 22. Kxg2 Qe6 23. Qe5+ Qxe5 24. fxe5 Bg5 25. d4 h5 26. h4 Bd2 27. Rd1
Bb4 28. d5 Rfe8 29. Rxb7 Rxe5 30. Rxb4 Rxe2 31. Kf1 a5 32. Rf4 1-0

[Event "XVI Autunno Scacchistico A"]
[Site "Venezia ITA"]
[Date "2010.11.01"]
[Round "4"]
[White "Cavalleri, Giuseppe"]
[Black "Garonzi, Martino"]
[Result "0-1"]
[WhiteElo "1820"]
[BlackElo "2038"]
[PlyCount "118"]
[EventDate "2010.10.30"]

1. d4 Nf6 2. c4 d6 3. Nc3 g6 4. e4 Bg7 5. f4 O-O 6. Nf3 c5 7. d5 b5 8. cxb5 a6
9. Be2 axb5 10. Bxb5 Qa5 11. Nd2 Ng4 12. Qb3 Ba6 13. Bxa6 Qxa6 14. Nb5 Qa4 15.
Qxa4 Rxa4 16. Ke2 Nd7 17. h3 Ngf6 18. Nc3 Ra6 19. g4 e6 20. a4 exd5 21. exd5
Nb6 22. a5 Nbxd5 23. Nxd5 Nxd5 24. Nc4 Re8+ 25. Kf3 Nb4 26. Bd2 Nc2 27. Ra4
Nd4+ 28. Kg3 d5 29. Nb6 Nb3 30. Bc1 d4 31. Nd5 Rxa5 32. Rxa5 Nxa5 33. f5 Be5+
34. Kf3 Bd6 35. Bh6 Rb8 36. Nf6+ Kh8 37. Re1 Nc4 38. Re8+ Rxe8 39. Nxe8 Bb8 40.
b4 cxb4 41. Bg7+ Kg8 42. Bxd4 Be5 43. Nf6+ Bxf6 44. Bxf6 b3 45. fxg6 fxg6 46.
h4 b2 47. Bxb2 Nxb2 48. Kf4 h6 49. Ke5 Kf7 50. Ke4 Ke6 51. Kd4 Na4 52. Ke4 Nc5+
53. Kf4 Kf6 54. g5+ hxg5+ 55. hxg5+ Ke6 56. Kg4 Ke5 57. Kg3 Kf5 58. Kf3 Kxg5
59. Kg3 Ne6 0-1

[Event "XVI Autunno Scacchistico A"]
[Site "Venezia ITA"]
[Date "2010.11.01"]
[Round "4"]
[White "Cedriano, Filippo"]
[Black "Buchicchio, Giancarlo"]
[Result "1-0"]
[WhiteElo "2006"]
[BlackElo "2095"]
[PlyCount "91"]
[EventDate "2010.10.30"]

1. e4 Nf6 2. e5 Nd5 3. d4 d6 4. exd6 cxd6 5. c4 Nc7 6. Nc3 g6 7. Nf3 Bg7 8. Be2
O-O 9. O-O d5 10. Bf4 dxc4 11. Bxc4 Ne6 12. Be3 Nc6 13. d5 Na5 14. Be2 Nc7 15.
Bd4 b6 16. Bxg7 Kxg7 17. Qd4+ f6 18. Rad1 Nb7 19. h4 Nd6 20. Rd2 Qd7 21. Rfd1
Qg4 22. Qxg4 Bxg4 23. Nd4 Bd7 24. Nc6 Kf7 25. Bf3 Nc4 26. Rd4 Nd6 27. g3 Bxc6
28. dxc6 Rac8 29. a4 Kg7 30. b4 Ne6 31. R4d3 Rfe8 32. Re1 Nc7 33. b5 a6 34. Nd5
Nxd5 35. Rxd5 axb5 36. axb5 Ra8 37. c7 Nf5 38. Rxf5 gxf5 39. Bxa8 Rxa8 40.
Rxe7+ Kg6 41. Kg2 f4 42. g4 Rc8 43. Kf3 h5 44. gxh5+ Kxh5 45. Kxf4 f5 46. Kxf5
1-0

[Event "XVI Autunno Scacchistico A"]
[Site "Venezia ITA"]
[Date "2010.11.01"]
[Round "4"]
[White "Del Monaco, Andrea"]
[Black "Gallo, Enrico"]
[Result "1-0"]
[WhiteElo "2277"]
[BlackElo "2127"]
[PlyCount "71"]
[EventDate "2010.10.30"]

1. e4 e6 2. d4 d5 3. Nc3 Bb4 4. e5 c5 5. Bd2 cxd4 6. Nb5 Be7 7. f4 Nc6 8. Nf3
Qb6 9. a4 Bc5 10. a5 Qd8 11. Rb1 a6 12. b4 Nxb4 13. Bxb4 Bxb4+ 14. Rxb4 axb5
15. Bxb5+ Kf8 16. Qxd4 Ne7 17. O-O Rxa5 18. Ra1 Rxa1+ 19. Qxa1 g6 20. Nd4 Kg7
21. Qa7 Qc7 22. Bd3 Qc3 23. Rb1 Qd2 24. Qc5 Qxf4 25. Rf1 Qe3+ 26. Kh1 Qxe5 27.
Qxe7 Qxd4 28. Rxf7+ Kh6 29. h4 Qg4 30. Qf6 Rg8 31. Be2 Qg3 32. Rf8 Rg7 33. Rxc8
e5 34. Re8 e4 35. Re5 Qe1+ 36. Kh2 1-0

[Event "XVI Autunno Scacchistico A"]
[Site "Venezia ITA"]
[Date "2010.11.01"]
[Round "4"]
[White "Gigovski, Gjoko"]
[Black "Rossi, Gianni"]
[Result "1/2-1/2"]
[WhiteElo "1932"]
[BlackElo "1859"]
[PlyCount "34"]
[EventDate "2010.10.30"]

1. d4 Nf6 2. Nf3 g6 3. Bf4 Bg7 4. Nbd2 d6 5. e4 O-O 6. c3 c5 7. dxc5 dxc5 8.
Bc4 Nc6 9. a3 Nh5 10. Be3 b6 11. Qc2 Qc7 12. g3 Na5 13. Be2 Bb7 14. Nh4 Nf6 15.
f4 e5 16. f5 Rad8 17. Bf3 Ba6 1/2-1/2

[Event "XVI Autunno Scacchistico A"]
[Site "Venezia ITA"]
[Date "2010.11.01"]
[Round "4"]
[White "Gouillart, Sylvain"]
[Black "Campagnola, Giacomo"]
[Result "1/2-1/2"]
[WhiteElo "1929"]
[BlackElo "1852"]
[PlyCount "57"]
[EventDate "2010.10.30"]

1. c4 Nf6 2. Nc3 d6 3. Nf3 g6 4. g3 Bg7 5. Bg2 O-O 6. O-O e5 7. d3 c6 8. Rb1
Be6 9. Bg5 Nbd7 10. Nd2 h6 11. Bxf6 Nxf6 12. b4 Qc7 13. b5 Nd7 14. bxc6 bxc6
15. Qa4 Rfc8 16. Rfc1 Nc5 17. Qd1 Rab8 18. Rxb8 Rxb8 19. Na4 Nxa4 20. Qxa4 Bd7
21. Rb1 Rxb1+ 22. Nxb1 Qb6 23. Qc2 f5 24. Nd2 Be6 25. Nb3 d5 26. e3 dxc4 27.
dxc4 c5 28. Qd3 e4 29. Qc2 1/2-1/2

[Event "XVI Autunno Scacchistico A"]
[Site "Venezia ITA"]
[Date "2010.11.01"]
[Round "4"]
[White "Guerra, Alessandro"]
[Black "Genocchio, Daniele"]
[Result "0-1"]
[WhiteElo "2236"]
[BlackElo "2449"]
[PlyCount "82"]
[EventDate "2010.10.30"]

1. d4 Nf6 2. Nc3 d5 3. Bf4 c6 4. Nf3 Bf5 5. e3 e6 6. Bd3 Nbd7 7. O-O Be7 8. Ne5
Nxe5 9. Bxe5 Bg6 10. Qf3 O-O 11. h3 Qb6 12. Rab1 Nd7 13. Bf4 Rac8 14. b4 Qd8
15. Na4 b6 16. Rfc1 a5 17. Ba6 axb4 18. Bxc8 Qxc8 19. Qe2 Qa8 20. Nb2 Qxa2 21.
Nd3 c5 22. Ra1 Qc4 23. Ra7 Qb5 24. Qd2 c4 25. Ne5 Nxe5 26. Bxe5 Re8 27. Rca1 f6
28. Bc7 b3 29. cxb3 Qxb3 30. Rb7 c3 31. Qc1 b5 32. Ba5 b4 33. e4 Bxe4 34. Bxb4
Bxb4 35. Raa7 Kh8 36. Qf4 c2 37. Rxg7 Qb1+ 38. Kh2 Bd6 39. Qxd6 c1=Q 40. Kg3
Qd3+ 41. f3 Qe1+ 0-1

[Event "XVI Autunno Scacchistico A"]
[Site "Venezia ITA"]
[Date "2010.11.01"]
[Round "4"]
[White "Kizov, Atanas"]
[Black "Omeri, Silvan"]
[Result "1-0"]
[WhiteElo "2389"]
[BlackElo "2204"]
[PlyCount "63"]
[EventDate "2010.10.30"]

1. d4 Nf6 2. c4 e6 3. Nf3 c5 4. d5 exd5 5. cxd5 d6 6. Nc3 g6 7. h3 Bg7 8. e4
O-O 9. Bg5 Re8 10. Bd3 h6 11. Be3 c4 12. Bc2 b5 13. a3 a5 14. Nxb5 Nxe4 15. O-O
Ba6 16. Nfd4 Bxb5 17. Nxb5 Bxb2 18. Bxh6 Nc3 19. Nxc3 Bxc3 20. Ba4 Re5 21. Rc1
Bb2 22. Rxc4 Bxa3 23. Qa1 Kh7 24. Bf4 Bb4 25. Bxe5 dxe5 26. Qxe5 Bd6 27. Qc3
Na6 28. g3 f6 29. Rh4+ Kg7 30. Bc2 Nb4 31. Qe3 Qg8 32. Bxg6 1-0

[Event "XVI Autunno Scacchistico A"]
[Site "Venezia ITA"]
[Date "2010.11.01"]
[Round "4"]
[White "Maffeo, Mauro"]
[Black "Biagioli, Valerio"]
[Result "0-1"]
[WhiteElo "1802"]
[BlackElo "1919"]
[PlyCount "78"]
[EventDate "2010.10.30"]

1. d4 e6 2. Nf3 d5 3. e3 c5 4. b3 Nc6 5. a3 Nf6 6. Bd3 cxd4 7. exd4 Bd6 8. O-O
h6 9. Bb2 O-O 10. Ne5 Nd7 11. f4 f6 12. Ng6 Rf7 13. f5 e5 14. c3 Nf8 15. Nh4
Qc7 16. h3 exd4 17. cxd4 Qb6 18. Nf3 Bd7 19. Kh1 Ne7 20. Nh4 Nh7 21. Nd2 Ng5
22. b4 Bb5 23. Qe2 Bxd3 24. Qxd3 Rc8 25. Rac1 Rff8 26. Qb3 Qb5 27. Rce1 a5 28.
Ng6 Rfe8 29. Nxe7+ Bxe7 30. a4 Qxb4 31. Qxd5+ Kh7 32. Qd7 Rcd8 33. Qb5 Qxb5 34.
axb5 Bb4 35. Rd1 Re2 36. Nc4 Rde8 37. Rc1 Ne4 38. Rf4 Nf2+ 39. Rxf2 Rxf2 0-1

[Event "XVI Autunno Scacchistico A"]
[Site "Venezia ITA"]
[Date "2010.11.01"]
[Round "4"]
[White "Militello, Michele"]
[Black "Di Lascio, Savino"]
[Result "0-1"]
[WhiteElo "1814"]
[BlackElo "1921"]
[PlyCount "70"]
[EventDate "2010.10.30"]

1. d4 Nf6 2. Nf3 e6 3. e3 b6 4. Bd3 Bb7 5. Nbd2 c5 6. O-O Nc6 7. Re1 Rc8 8. c3
Be7 9. Qe2 O-O 10. Ba6 Bxa6 11. Qxa6 Qc7 12. a3 Rfd8 13. h3 d5 14. Qe2 Ne4 15.
Nxe4 dxe4 16. Nd2 f5 17. f3 cxd4 18. exd4 e5 19. Qc4+ Kh8 20. d5 Bc5+ 21. Kh1
Na5 22. Qa2 Bf2 23. Re2 e3 24. Nf1 f4 25. Bd2 Qc4 26. Qxc4 Nxc4 27. Be1 Bxe1
28. Raxe1 Rxd5 29. g3 a5 30. Kg2 a4 31. Nh2 h5 32. h4 Rcd8 33. Kh3 Rd2 34. g4
g6 35. gxh5 gxh5 0-1

[Event "XVI Autunno Scacchistico A"]
[Site "Venezia ITA"]
[Date "2010.11.01"]
[Round "4"]
[White "Panican, Gheorghe"]
[Black "Faccia, Sergio"]
[Result "1-0"]
[WhiteElo "1915"]
[BlackElo "2060"]
[PlyCount "95"]
[EventDate "2010.10.30"]

1. e4 e5 2. Nc3 Nf6 3. Nf3 Nc6 4. Bc4 Bc5 5. d3 h6 6. a3 d6 7. h3 a5 8. O-O O-O
9. Be3 Ba7 10. Bxa7 Rxa7 11. d4 Ra8 12. Re1 exd4 13. Nxd4 Bd7 14. Nf3 Ne5 15.
Nxe5 dxe5 16. Qf3 c6 17. a4 Qe7 18. Bb3 Rad8 19. Ne2 Be6 20. Ng3 Nh7 21. Bxe6
Qxe6 22. Qc3 b6 23. Rad1 Nf6 24. f3 Rfe8 25. Kh2 Rd7 26. Rd3 Red8 27. Red1 Rxd3
28. Rxd3 Rxd3 29. Qxd3 Qd7 30. Qc3 Qe6 31. Nf5 Kh7 32. b3 Nd7 33. Ne3 f6 34.
Nc4 Kg6 35. Qe3 c5 36. Qd2 Nb8 37. Qd8 Nd7 38. Qc7 h5 39. h4 Kh7 40. Kg1 Kh6
41. Kf2 Kh7 42. Ne3 Kh6 43. c4 Kh7 44. Nd5 Kh6 45. Qd8 Kh7 46. Ne7 g5 47. Qe8
gxh4 48. Qg6+ 1-0

[Event "XVI Autunno Scacchistico A"]
[Site "Venezia ITA"]
[Date "2010.11.01"]
[Round "4"]
[White "Pechy, Alaster"]
[Black "Lavric, Mihail"]
[Result "1/2-1/2"]
[WhiteElo "2191"]
[BlackElo "2025"]
[PlyCount "162"]
[EventDate "2010.10.30"]

1. e4 c5 2. Nf3 Nc6 3. d4 cxd4 4. Nxd4 Nf6 5. Nc3 e5 6. Ndb5 d6 7. Bg5 a6 8.
Na3 b5 9. Nd5 Be7 10. Bxf6 Bxf6 11. c3 Bg5 12. Nc2 O-O 13. a4 bxa4 14. Rxa4 a5
15. Bc4 Bd7 16. Nce3 Bxe3 17. Nxe3 Ne7 18. Ra3 Rb8 19. b3 Be6 20. O-O Qc7 21.
Qa1 Bxc4 22. Nxc4 a4 23. Rxa4 Rxb3 24. Nd2 Rb7 25. Rc4 Qb8 26. Rb1 Rxb1+ 27.
Qxb1 Qxb1+ 28. Nxb1 Rc8 29. Nd2 f6 30. Rxc8+ Nxc8 31. Nc4 Kf7 32. g3 Ke6 33. f4
Na7 34. fxe5 fxe5 35. Ne3 Nc6 36. Kf2 Ne7 37. Ke2 Ng8 38. Kf2 Nf6 39. Kf3 g6
40. Nd1 Nd7 41. Ke3 Nf6 42. Nf2 Nd7 43. Nh3 Kf6 44. Nf2 Ke6 45. Nd3 Nf6 46. Kf3
Nd7 47. Nb4 Nf6 48. Nc2 Nd7 49. h3 Nf6 50. Ne3 Nd7 51. Nd5 Nc5 52. Ke3 Na4 53.
Ke2 Nc5 54. Kf3 Kf7 55. Ne3 Ke6 56. Nd1 Nd7 57. Nf2 Nc5 58. Ke3 Nd7 59. Ng4 Nc5
60. Nf2 Nd7 61. Kd3 Nf6 62. Ke2 Nd7 63. Ke3 Nf6 64. Kd3 Nd7 65. Kc4 Nf6 66. Kd3
Nd7 67. g4 Nc5+ 68. Ke3 Na4 69. Kd3 Nc5+ 70. Kc4 Nd7 71. g5 Nc5 72. h4 Ke7 73.
Kd5 Ne6 74. Ng4 Nf4+ 75. Kc6 Ng2 76. Nf6 Nxh4 77. Nd5+ Ke6 78. Nc7+ Ke7 79.
Nd5+ Ke6 80. Nc7+ Ke7 81. Nd5+ Ke6 1/2-1/2

[Event "XVI Autunno Scacchistico A"]
[Site "Venezia ITA"]
[Date "2010.11.01"]
[Round "4"]
[White "Pfeifer, Andreas"]
[Black "Locci, Damiano"]
[Result "1-0"]
[WhiteElo "2046"]
[BlackElo "2153"]
[PlyCount "49"]
[EventDate "2010.10.30"]

1. d4 d5 2. Bf4 Bg4 3. h3 Bh5 4. c4 Nc6 5. Nc3 e6 6. Qa4 Nf6 7. e3 Bb4 8. Be2
Ne4 9. Rc1 Bg6 10. Nf3 O-O 11. O-O Bxc3 12. bxc3 Bf5 13. cxd5 exd5 14. c4 dxc4
15. Bxc4 g5 16. Qb5 Qf6 17. Bxc7 Bxh3 18. Ne5 Bc8 19. Bd5 Nxe5 20. Bxe5 Qf5 21.
f3 a6 22. fxe4 Qg6 23. Qb3 g4 24. g3 Be6 25. Rf6 1-0

[Event "XVI Autunno Scacchistico A"]
[Site "Venezia ITA"]
[Date "2010.11.01"]
[Round "4"]
[White "Polese, Marco"]
[Black "Gallana, Marco"]
[Result "0-1"]
[WhiteElo "1925"]
[BlackElo "2080"]
[PlyCount "68"]
[EventDate "2010.10.30"]

1. d4 Nf6 2. Bf4 d5 3. e3 c5 4. Nf3 g6 5. Be2 Bg7 6. h3 Qb6 7. Qc1 Nc6 8. dxc5
Qxc5 9. O-O O-O 10. Nbd2 Bf5 11. g4 Bd7 12. c4 dxc4 13. Bxc4 Qb6 14. Bb3 Na5
15. Bc7 Nxb3 16. Nxb3 Qb4 17. Qd2 Qxd2 18. Nbxd2 h5 19. Ne5 Be6 20. gxh5 gxh5
21. f4 Nd5 22. Rac1 Rac8 23. Ba5 Nxe3 24. Rfe1 Nd5 25. Nd3 Bf5 26. Rxc8 Rxc8
27. Ne5 Nxf4 28. Nef3 e6 29. h4 Bxb2 30. Kh2 Rc2 31. Re3 b6 32. Bb4 Nd5 33. Rb3
a5 34. Ba3 Bc3 0-1

[Event "XVI Autunno Scacchistico A"]
[Site "Venezia ITA"]
[Date "2010.11.01"]
[Round "4"]
[White "Pozzobon, Davide"]
[Black "Bortolussi, Andrea"]
[Result "0-1"]
[WhiteElo "1805"]
[BlackElo "1951"]
[PlyCount "78"]
[EventDate "2010.10.30"]

1. e4 e5 2. Nf3 Nf6 3. Nxe5 d6 4. Nf3 Nxe4 5. Qe2 Qe7 6. d3 Nf6 7. Nc3 Bg4 8.
Qxe7+ Bxe7 9. Be2 Nc6 10. h3 Bh5 11. Be3 h6 12. Nh4 Bxe2 13. Nxe2 Nd5 14. Nf5
Bf6 15. c3 g6 16. Nfd4 Nxd4 17. Bxd4 Bxd4 18. Nxd4 Nf4 19. g3 Nxd3+ 20. Kf1
O-O-O 21. b3 Rhe8 22. Rd1 Nc5 23. Kg2 Re7 24. Rhe1 Rde8 25. Rf1 Ne4 26. Rd3 a6
27. f3 Nc5 28. Rd2 Re3 29. c4 Rd3 30. Rfd1 Rxd2+ 31. Rxd2 Ne6 32. Nxe6 Rxe6 33.
Kf2 Kd7 34. c5 Ke7 35. Rd5 c6 36. cxd6+ Rxd6 37. Rxd6 Kxd6 38. Ke3 Kd5 39. Kd3
c5 0-1

[Event "XVI Autunno Scacchistico A"]
[Site "Venezia ITA"]
[Date "2010.10.01"]
[Round "4"]
[White "Redo, Giorgio"]
[Black "Rorato, Giovanni Riccardo"]
[Result "1/2-1/2"]
[WhiteElo "2115"]
[BlackElo "2062"]
[PlyCount "69"]
[EventDate "2010.10.30"]

1. f4 d5 2. Nf3 Nf6 3. e3 g6 4. b3 Bg7 5. Bb2 O-O 6. Be2 c5 7. O-O Nc6 8. Ne5
Qc7 9. Nxc6 Qxc6 10. d3 Re8 11. Qe1 d4 12. e4 e5 13. Qg3 exf4 14. Qxf4 Be6 15.
Nd2 Rac8 16. a4 Qc7 17. Qh4 Nd7 18. Bg4 Qd8 19. Qh3 Ne5 20. Bxe6 fxe6 21. Nf3
Qe7 22. Nxe5 Bxe5 23. Bc1 Rf8 24. Bh6 Bg7 25. Bd2 Be5 26. Qg4 Rxf1+ 27. Rxf1
Rf8 28. Rxf8+ Kxf8 29. Bh6+ Kg8 30. g3 b6 31. Kg2 Kf7 32. Bg5 Bf6 33. Qf4 e5
34. Bxf6 Qxf6 35. Qg4 1/2-1/2

[Event "XVI Autunno Scacchistico A"]
[Site "Venezia ITA"]
[Date "2010.11.01"]
[Round "4"]
[White "Rostolis, Riccardo"]
[Black "Bonini, Roberto"]
[Result "1-0"]
[WhiteElo "1875"]
[BlackElo "1864"]
[PlyCount "105"]
[EventDate "2010.10.30"]

1. e4 c5 2. Nf3 d6 3. d4 cxd4 4. Nxd4 Nf6 5. Nc3 a6 6. Bc4 e6 7. Be3 Qc7 8. Bb3
b5 9. Qe2 Be7 10. O-O-O Nc6 11. g4 Na5 12. g5 Nxb3+ 13. axb3 Nd7 14. f4 Nc5 15.
Nf5 Nxb3+ 16. cxb3 exf5 17. Kb1 Be6 18. Nd5 Qb7 19. Bd4 O-O 20. Rhg1 Bxd5 21.
exd5 Rfe8 22. Qh5 Qxd5 23. Rg3 Qe6 24. Bf6 Bxf6 25. gxf6 Qxf6 26. Rdg1 g6 27.
h4 Re2 28. Qxe2 d5 29. Re3 Qxh4 30. Re8+ Rxe8 31. Qxe8+ Kg7 32. Qe5+ Kg8 33.
Rc1 Qd8 34. Rd1 f6 35. Qe6+ Kg7 36. Rxd5 Qa8 37. Rd7+ Kh6 38. Qe7 Qe4+ 39. Qxe4
fxe4 40. Re7 f5 41. Kc2 Kh5 42. Rxh7+ Kg4 43. Rg7 Kxf4 44. Rxg6 Ke3 45. Kd1 f4
46. Ke1 f3 47. Rc6 b4 48. Rxa6 f2+ 49. Kf1 Kd2 50. Kxf2 Kc2 51. Ke3 Kxb2 52.
Kxe4 Kxb3 53. Kd3 1-0

[Event "XVI Autunno Scacchistico A"]
[Site "Venezia ITA"]
[Date "2010.11.01"]
[Round "4"]
[White "Santolini, Luigi"]
[Black "Marson, Luca"]
[Result "1-0"]
[WhiteElo "2235"]
[BlackElo "1908"]
[PlyCount "49"]
[EventDate "2010.10.30"]

1. d4 Nf6 2. c4 g6 3. Nc3 Bg7 4. e4 d6 5. f4 O-O 6. Nf3 c5 7. d5 e5 8. dxe6
Bxe6 9. Bd3 Nc6 10. f5 Bd7 11. O-O Ng4 12. Bg5 Bd4+ 13. Kh1 f6 14. Nxd4 Nxd4
15. Qxg4 fxg5 16. Qg3 gxf5 17. Qxd6 fxe4 18. Bxe4 Be6 19. Qxc5 Rxf1+ 20. Rxf1
b6 21. Qe5 Rc8 22. Bd5 Bxd5 23. cxd5 Rc4 24. d6 Qd7 25. Qxg5+ 1-0

[Event "XVI Autunno Scacchistico A"]
[Site "Venezia ITA"]
[Date "2010.11.01"]
[Round "4"]
[White "Sorbera, Giovanni"]
[Black "Xia, Jie"]
[Result "0-1"]
[WhiteElo "2057"]
[BlackElo "2184"]
[PlyCount "82"]
[EventDate "2010.10.30"]

1. b3 Nf6 2. Nf3 g6 3. Bb2 Bg7 4. e3 O-O 5. Be2 d6 6. c4 e5 7. Nc3 c6 8. O-O
Qe7 9. Qc2 Re8 10. d3 Nfd7 11. Nd2 f5 12. Rae1 Nf6 13. Nd1 Na6 14. f4 Qc7 15.
a3 Be6 16. fxe5 dxe5 17. Nf3 e4 18. Ng5 exd3 19. Qxd3 Nc5 20. Nxe6 Rxe6 21. Qc2
Rd8 22. Bd4 Nce4 23. c5 Kh8 24. Nf2 Nxf2 25. Rxf2 Rxd4 26. exd4 Ne4 27. g3 Bxd4
28. Rd1 Bxf2+ 29. Kh1 Be3 30. Qb2+ Nf6 31. Rd6 Qe7 32. Bf3 Bh6 33. Qd4 Bf8 34.
Rd8 Kg7 35. b4 Re1+ 36. Kg2 Qe5 37. Qd2 Rb1 38. Kh3 Be7 39. Ra8 Rb2 40. Qc1 Ne4
41. Bxe4 fxe4 0-1

[Event "XVI Autunno Scacchistico A"]
[Site "Venezia ITA"]
[Date "2010.11.01"]
[Round "4"]
[White "Tomio, Dante"]
[Black "Buzio, Alberto"]
[Result "1/2-1/2"]
[WhiteElo "1949"]
[BlackElo "1875"]
[PlyCount "62"]
[EventDate "2010.10.30"]

1. d4 Nf6 2. Nf3 c5 3. e3 e6 4. Bd3 Nc6 5. c3 d5 6. Nbd2 a6 7. Qe2 Be7 8. b3
Qc7 9. Bb2 O-O 10. O-O e5 11. dxe5 Nxe5 12. Nxe5 Qxe5 13. Nf3 Qh5 14. c4 Bg4
15. cxd5 Bxf3 16. Qxf3 Qxf3 17. gxf3 Nxd5 18. Be4 Nc7 19. Bxb7 Rab8 20. Be4 Ne6
21. Rac1 Rfd8 22. Be5 Bd6 23. Bxd6 Rxd6 24. Rfd1 Rbd8 25. Rxd6 Rxd6 26. Rc2 g6
27. f4 f5 28. Bf3 Kg7 29. h3 h6 30. Be2 g5 31. fxg5 hxg5 1/2-1/2

[Event "XVI Autunno Scacchistico A"]
[Site "Venezia ITA"]
[Date "2010.11.01"]
[Round "4"]
[White "Vianello, Enrico"]
[Black "Bonan, Yves"]
[Result "1-0"]
[WhiteElo "2181"]
[BlackElo "1872"]
[PlyCount "83"]
[EventDate "2010.10.30"]

1. d4 d5 2. c4 Nf6 3. cxd5 Nxd5 4. e4 Nf6 5. Nc3 g6 6. Be2 Bg7 7. Nf3 O-O 8.
O-O c6 9. h3 Nbd7 10. Be3 Re8 11. Bc4 b5 12. Bxf7+ Kxf7 13. Qb3+ Kf8 14. Ng5 e6
15. Nxe6+ Rxe6 16. Qxe6 Nb8 17. Qb3 a5 18. a3 a4 19. Qc2 Bb7 20. f3 Kg8 21. b3
axb3 22. Qxb3+ Kh8 23. a4 Qg8 24. Qxg8+ Kxg8 25. axb5 Nbd7 26. Rxa8+ Bxa8 27.
Ra1 Bb7 28. Ra7 Bc8 29. Ra8 Nb6 30. Ra7 Nc4 31. Bf2 cxb5 32. e5 b4 33. exf6 Bf8
34. Na4 b3 35. d5 Bf5 36. Bd4 Nd6 37. Nc5 Bc2 38. Ne6 h5 39. Ra8 Nf5 40. Rxf8+
Kh7 41. Ng5+ Kh6 42. Nf7+ 1-0

[Event "XVI Autunno Scacchistico A"]
[Site "Venezia ITA"]
[Date "2010.11.01"]
[Round "4"]
[White "Zamengo, Bruno"]
[Black "Gabassi, Francesco"]
[Result "1/2-1/2"]
[WhiteElo "1841"]
[BlackElo "1885"]
[PlyCount "110"]
[EventDate "2010.10.30"]

1. e4 c5 2. Nf3 Nc6 3. d4 cxd4 4. Nxd4 g6 5. c4 Nf6 6. Nc3 Nxd4 7. Qxd4 Bg7 8.
e5 Ng8 9. Bf4 f6 10. O-O-O fxe5 11. Bxe5 Bxe5 12. Qxe5 Nf6 13. Nd5 Kf7 14. c5
Nxd5 15. Bc4 e6 16. Rxd5 Qf6 17. Qxf6+ Kxf6 18. Rd6 Rb8 19. Bb5 b6 20. Bxd7
Bxd7 21. Rxd7 Rbc8 22. Rxa7 Rxc5+ 23. Kb1 Rhc8 24. Rxh7 Rc2 25. Rf1 Re2 26. Rb7
Rc6 27. g3 Ke5 28. h4 Ke4 29. g4 Kf3 30. h5 gxh5 31. gxh5 Kg2 32. Rc1 Rd6 33.
h6 e5 34. h7 Rh6 35. a4 Rxf2 36. Rc8 Rf1+ 37. Ka2 Rfh1 38. Re8 R1h5 39. Rxb6
Rxb6 40. h8=Q Rxh8 41. Rxh8 Re6 42. Rc8 e4 43. b4 e3 44. Kb3 Kf3 45. Rc3 Ke4
46. Rxe3+ Kxe3 47. Kc4 Rc6+ 48. Kb5 Rh6 49. a5 Kd4 50. a6 Rh5+ 51. Kb6 Kc4 52.
a7 Rh6+ 53. Ka5 Rh1 54. b5 Ra1+ 55. Kb6 Rxa7 1/2-1/2

[Event "XVI Autunno Scacchistico A"]
[Site "Venezia ITA"]
[Date "2010.11.01"]
[Round "4"]
[White "Zanetto, Marco"]
[Black "Redo, Stefano"]
[Result "1/2-1/2"]
[WhiteElo "1854"]
[BlackElo "1912"]
[PlyCount "95"]
[EventDate "2010.10.30"]

1. e4 c5 2. c3 d5 3. exd5 Qxd5 4. d4 cxd4 5. cxd4 e5 6. Nf3 Bg4 7. Nc3 Bb4 8.
Qa4+ Nc6 9. Qxb4 Nxb4 10. Nxd5 Nxd5 11. Nxe5 Be6 12. Bb5+ Ke7 13. O-O Ngf6 14.
b3 Rhc8 15. Ba3+ Kd8 16. Bd3 Nf4 17. Bc4 N4d5 18. Rac1 Nd7 19. g3 f6 20. Nxd7
Kxd7 21. Rfe1 Bf7 22. f4 a6 23. Kf2 Re8 24. Rxe8 Rxe8 25. Re1 Rxe1 26. Kxe1 Kc6
27. Kd2 Be6 28. Bd3 f5 29. Bf8 g6 30. Bc5 Bc8 31. Bf8 Be6 32. Bg7 Bd7 33. Bc2
Be6 34. Bd1 Bf7 35. Bf3 Be6 36. a4 b5 37. Be5 Kb6 38. Bd6 bxa4 39. Bc5+ Ka5 40.
bxa4 Kxa4 41. Be2 Bc8 42. Bc4 Bb7 43. Kd3 Ka5 44. Kc2 Bc6 45. Kb3 Ba4+ 46. Ka3
Bc6 47. Kb2 Bb7 48. Kc2 1/2-1/2

[Event "XVI Autunno Scacchistico A"]
[Site "Venezia ITA"]
[Date "2010.11.01"]
[Round "4"]
[White "Zangrando, Gianpietro"]
[Black "Tamburrini, Pierluigi"]
[Result "0-1"]
[WhiteElo "1822"]
[BlackElo "1881"]
[PlyCount "86"]
[EventDate "2010.10.30"]

1. c4 Nf6 2. Nc3 g6 3. g3 Bg7 4. Bg2 d6 5. e3 O-O 6. Nge2 Nbd7 7. O-O e5 8. d3
c6 9. Rb1 Nc5 10. b4 Ne6 11. a4 Nc7 12. Ba3 d5 13. b5 Re8 14. bxc6 bxc6 15.
cxd5 cxd5 16. Qc2 a5 17. Rfc1 Ba6 18. Nb5 Nxb5 19. axb5 Rc8 20. Qd2 Rxc1+ 21.
Qxc1 Bb7 22. Bc5 Nd7 23. Bd6 Re6 24. Bc7 Qa8 25. d4 Bf8 26. dxe5 Nxe5 27. Nd4
Re8 28. Bh3 a4 29. Nc6 Nc4 30. Qd1 Bxc6 31. bxc6 Qxc6 32. Bf4 Bg7 33. Bg2 Rd8
34. Rb4 a3 35. Qc2 Qc5 36. Ra4 Qb5 37. Bxd5 Qxd5 38. Rxc4 Qd1+ 39. Kg2 Qxc2 40.
Rxc2 Bb2 41. h4 a2 42. Rxb2 a1=Q 43. Be5 Qd1 0-1

[Event "XVI Autunno Scacchistico A"]
[Site "Venezia ITA"]
[Date "2010.11.01"]
[Round "5"]
[White "Aleksic, Nenad"]
[Black "Del Monaco, Andrea"]
[Result "1/2-1/2"]
[WhiteElo "2359"]
[BlackElo "2277"]
[PlyCount "20"]
[EventDate "2010.10.30"]

1. e4 c5 2. Nf3 g6 3. d4 cxd4 4. Nxd4 Nc6 5. Nc3 Bg7 6. Be3 Nf6 7. Bc4 O-O 8.
O-O d6 9. h3 Bd7 10. Bb3 Rc8 1/2-1/2

[Event "XVI Autunno Scacchistico A"]
[Site "Venezia ITA"]
[Date "2010.11.01"]
[Round "5"]
[White "Biagioli, Valerio"]
[Black "Tomio, Dante"]
[Result "1-0"]
[WhiteElo "1919"]
[BlackElo "1949"]
[PlyCount "69"]
[EventDate "2010.10.30"]

1. d4 d5 2. c4 c6 3. Nc3 Nf6 4. cxd5 cxd5 5. e3 Nc6 6. Bd3 e6 7. Nf3 Bd6 8. O-O
O-O 9. e4 dxe4 10. Nxe4 Nxe4 11. Bxe4 h6 12. d5 exd5 13. Bxd5 Bg4 14. h3 Bh5
15. Qb3 Ne7 16. Be4 Rb8 17. Be3 Nc6 18. Rfd1 Qe7 19. Qc4 Bxf3 20. Bxf3 Be5 21.
Bc5 Qf6 22. Bxf8 Rxf8 23. Qe4 Re8 24. Qg4 Bxb2 25. Rab1 Ne5 26. Qe4 b6 27. Kf1
Bc3 28. Rb3 Ba5 29. Qa4 Rc8 30. Qb5 Rc5 31. Qe8+ Kh7 32. Qd8 Qf5 33. Qa8 Nc4
34. Be4 Nd2+ 35. Rxd2 1-0